Feats RAP US - Statistiques

Statistiques générales
  • Ce quiz a été pris 150 fois
  • Le résultat moyen est 4 sur 15
Statistiques - réponses
Artiste 1 Artiste 2 Réponse % Correct
Travis scott Drake Sicko mode/ meltdown/ fair trade/ portland/ bubbly/ p*ssy & millions/ company
94%
Playboi carti Kanye west Go2damoon/carnival/field trip
46%
Swae lee Travis scott Nightcrawler/ Sicko mode/ circus maximus/ dreamcatcher /close
45%
Juice WRLD NBA youngboy Bandit
32%
Lil tjay Pop smoke Mood swings/ war/ mannequin/ zoo york / genius
32%
Juice WRLD Lil tecca Ransom
26%
21 Savage Trippie redd Non
14%
Lil baby Don toliver Non
13%
Kendrick lamar Roddy richh Dodger blue
12%
J.cole Dababy Under the sun
12%
Future Lil durk Never imagined/ petty too/ mad max/ go crazy / affiliated /last name / spin the block/ dead / made a way
11%
Gunna Ski mask the slump god Non
10%
Ynw melly Trippie redd 6 kiss
9%
Young thug Lil uzi vert Big racks / what s the move / hellcat kenny / got the guap / strawberry peels/ its a slime / proud of you
9%
Quavo Lil wayne I’m the one/ p*ssy talk
4%
Aucun quiz correspondant
Distribution des résultats
% des personnes avec chaque résultat
Percentile par nombre de réponses
Votre historique - résultats
Vous n’avez pas pris ce quiz